| 000 | 01632nam0a2200349 4500 | ||
|---|---|---|---|
| 001 | RU\NLR\bibl\1512777 | ||
| 005 | 20260409080607.0 | ||
| 010 |
_a978-5-904803-01-8 _93000 |
||
| 021 |
_aRU _b2010-26129 _91756 |
||
| 035 | _a(nilc)RSL-KNO-004629430 | ||
| 035 | _a(NLR Aleph) 001504166 | ||
| 090 |
_a39077 _c39077 |
||
| 100 | _a20100412d2010 |||y0rusy50 ca | ||
| 101 | 0 | _arus | |
| 102 | _aRU | ||
| 105 | _aa zzzz||||| | ||
| 200 | 1 | _aСвятое Евангелие | |
| 210 |
_aМосква _cКавида _cИзд-во Киреев _d2010 |
||
| 215 |
_a453, [2] с. _cцв. ил. _d24 |
||
| 300 | _aЗагл. обл. на церковнослав. яз. | ||
| 500 |
_aБиблия _iН.З. _iЕвангелие _3RU\NLR\auth\553145 _92631082 |
||
| 605 |
_aБиблия _iНовый Завет _iЕвангелие _92079095 _3RU\NLR\auth\661254967 |
||
| 610 | 0 | _aРелигия -- Христианство -- Библия -- Новый Завет -- Тексты Нового Завета. Исследование, критика и толкование текстов Нового Завета -- Тексты и исследование текстов отдельных книг Нового Завета -- Канонические книги Нового Завета -- Евангелия. Четвероевангелие | |
| 686 |
_aЭ37-220.911,0 _2rubbk |
||
| 686 | _aЭ37-220.911 | ||
| 801 | 0 |
_aRU _bРГБ _c20100412 _grcr |
|
| 801 | 1 |
_aRU _bРГБ _c20100412 |
|
| 801 | 2 |
_aRU _bNLR _c20100518 _grcr |
|
| 942 | _cBOOK | ||
| 980 | _aNB | ||